[Event "K41 Efterars EMT Mesterklassen 2006"]
[Site "Valby"]
[Date "2006.10.10"]
[Round "5"]
[White "Laursen, Niels Norskov"]
[Black "Ottosen, Peder"]
[Result "1-0"]
[WhiteElo "2093"]
[BlackElo "1965"]
[PlyCount "39"]
[EventDate "2006.??.??"]

1. e4 c5 2. Nf3 e6 3. d4 cxd4 4. Nxd4 a6 5. Nc3 Qc7 6. Bd3 Nf6 7. O-O Bc5 8.
Nb3 Be7 9. f4 d6 10. a4 b6 11. e5 Nfd7 12. exd6 Bxd6 13. Ne4 Be7 14. f5 exf5
15. Bf4 Qc6 16. Nd4 Qd5 17. Nxf5 Nc6 18. Ned6+ Kf8 19. Be4 Qxd1 20. Raxd1 1-0

[Event "K41 Efterars EMT Mesterklassen 2006"]
[Site "Valby"]
[Date "2006.10.10"]
[Round "5"]
[White "Madsen, Poul Henrik"]
[Black "Jorgensen, Kasper Moller"]
[Result "1-0"]
[WhiteElo "2043"]
[BlackElo "1863"]
[PlyCount "79"]
[EventDate "2006.??.??"]

1. d4 f5 2. Nf3 Nf6 3. g3 e6 4. Bg2 Be7 5. c4 O-O 6. Nc3 d6 7. O-O Qe8 8. b4
Nbd7 9. Ng5 Nb6 10. c5 Nbd5 11. Nxd5 exd5 12. Qb3 c6 13. Bf4 dxc5 14. bxc5 Ne4
15. Nxe4 fxe4 16. Bxe4 Bf6 17. Bg2 Qxe2 18. Rae1 Qh5 19. Bd6 Re8 20. Rxe8+ Qxe8
21. Qb4 Qf7 22. Re1 Be6 23. Be5 Rf8 24. f4 Bc8 25. Bf1 g5 26. Qd2 Bxe5 27. fxe5
Qg6 28. Bd3 Bf5 29. Bxf5 Qxf5 30. e6 Re8 31. Re5 Qb1+ 32. Kg2 h6 33. h4 Rf8 34.
Qe2 gxh4 35. e7 Re8 36. Qh5 h3+ 37. Kh2 Qf1 38. Qg6+ Kh8 39. Qxh6+ Kg8 40. Qg6+
1-0

[Event "K41 Efterars EMT Mesterklassen 2006"]
[Site "Valby"]
[Date "2006.10.10"]
[Round "5"]
[White "Nielsen, Michael"]
[Black "Nielsen, John Holm"]
[Result "1/2-1/2"]
[WhiteElo "2046"]
[BlackElo "1992"]
[PlyCount "86"]
[EventDate "2006.??.??"]

1. d4 d5 2. Nf3 Nf6 3. Bf4 Bf5 4. c3 e6 5. e3 Be7 6. Bd3 Bxd3 7. Qxd3 Nbd7 8.
Nbd2 O-O 9. O-O c5 10. Rfe1 Rc8 11. Ne5 Nxe5 12. Bxe5 Nd7 13. Bg3 c4 14. Qc2 b5
15. e4 dxe4 16. Nxe4 f5 17. Nd6 Rc6 18. Rxe6 f4 19. Nb7 Rxe6 20. Nxd8 Bxd8 21.
a4 Rfe8 22. Rf1 fxg3 23. hxg3 a6 24. axb5 axb5 25. Qf5 b4 26. Qb5 bxc3 27. Qxc4
cxb2 28. Qb3 Bf6 29. Qxb2 Rd6 30. Rd1 Nb6 31. Qb4 Red8 32. Rd3 Nc8 33. Qc4+ Kf8
34. Qc5 Ne7 35. g4 Rxd4 36. Rxd4 Rxd4 37. g5 Rd5 38. Qc2 Rxg5 39. Qxh7 Rd5 40.
Qc2 Rb5 41. Qa2 Rb2 42. Qa8+ Kf7 43. Qe4 Kf8 1/2-1/2

[Event "K41 Efterars EMT Mesterklassen 2006"]
[Site "Valby"]
[Date "2006.10.24"]
[Round "6"]
[White "Gjedde, Thomas"]
[Black "Ottosen, Peder"]
[Result "1/2-1/2"]
[WhiteElo "1894"]
[BlackElo "1965"]
[PlyCount "88"]
[EventDate "2006.??.??"]

1. d4 d5 2. c4 c6 3. Nf3 Nf6 4. Nc3 e6 5. e3 Nbd7 6. Bd3 dxc4 7. Bxc4 b5 8. Bd3
a6 9. O-O c5 10. Qe2 Bb7 11. Rd1 Bd6 12. Bd2 O-O 13. Rac1 Qe7 14. e4 cxd4 15.
Nxd4 Ne5 16. Bb1 Bc5 17. Bg5 Rad8 18. Nf3 Neg4 19. Bh4 Qc7 20. h3 Ne5 21. Bg3
Nxf3+ 22. Qxf3 Qb6 23. Bh4 Bd4 24. Qe2 e5 25. Nd5 Nxd5 26. Bxd8 Qxd8 27. exd5
Qxd5 28. Qf3 Qxf3 29. gxf3 Bxf3 30. Rd3 Bd5 31. b3 f5 32. Rd2 Rf6 33. Rc8+ Kf7
34. Rc7+ Kg6 35. Rd3 f4 36. Rd2+ Kh6 37. Rd1 Be6 38. Rc6 Kg5 39. Rxa6 Bxb3 40.
Rxf6 Bxd1 41. Rf7 Bf3 42. Bxh7 e4 43. Rd7 Bb6 44. Rd6 Ba7 1/2-1/2

[Event "K41 Efterars EMT Mesterklassen 2006"]
[Site "Valby"]
[Date "2006.10.24"]
[Round "6"]
[White "Jakobsen, Peter"]
[Black "Laursen, Niels Norskov"]
[Result "0-1"]
[WhiteElo "2206"]
[BlackElo "2093"]
[PlyCount "66"]
[EventDate "2006.??.??"]

1. d4 Nf6 2. c4 c5 3. d5 e6 4. Nc3 exd5 5. cxd5 d6 6. e4 g6 7. Bd3 Bg7 8. h3
O-O 9. Nf3 Nh5 10. Bg5 Bf6 11. Bh6 Bg7 12. Qd2 a6 13. a4 f5 14. exf5 Bxf5 15.
Bxf5 Rxf5 16. O-O Nd7 17. Bxg7 Kxg7 18. Qe3 Nf4 19. Rad1 Qf8 20. Nh4 Re5 21.
Qd2 g5 22. Nf3 Nxh3+ 23. Kh2 Rf5 24. Kxh3 g4+ 25. Kxg4 Rxf3 26. Qg5+ Kh8 27.
gxf3 Ne5+ 28. Kh3 Qxf3+ 29. Kh2 Ng4+ 30. Kg1 Rg8 31. Rd3 Qxd3 32. Qf4 Ne3+ 33.
Kh2 Nxf1+ 0-1

[Event "K41 Efterars EMT Mesterklassen 2006"]
[Site "Valby"]
[Date "2006.10.24"]
[Round "6"]
[White "Jorgensen, Kasper Moller"]
[Black "Kragh, Niels Kristian"]
[Result "0-1"]
[WhiteElo "1863"]
[BlackElo "2036"]
[PlyCount "58"]
[EventDate "2006.??.??"]

1. d4 e6 2. e4 d5 3. e5 c5 4. c3 Nc6 5. Nf3 Bd7 6. a3 f6 7. Bd3 Qb6 8. b4 cxd4
9. cxd4 Nge7 10. exf6 gxf6 11. Bf4 Ng6 12. Bg3 Bg7 13. Nc3 O-O 14. Bb1 Nce7 15.
h4 Rac8 16. h5 Rxc3 17. hxg6 hxg6 18. Bf4 Rxa3 19. Rxa3 Qxb4+ 20. Qd2 Qxa3 21.
Nh4 g5 22. Rh3 Qa1 23. Qc2 Rc8 24. Qh7+ Kf8 25. Bd6 Qb2 26. Ng6+ Ke8 27. Qh8+
Bxh8 28. Rxh8+ Ng8 29. Rxg8+ Kf7 0-1

[Event "K41 Efterars EMT Mesterklassen 2006"]
[Site "Valby"]
[Date "2006.10.24"]
[Round "6"]
[White "Nielsen, John Holm"]
[Black "Andersen, Daniel"]
[Result "1/2-1/2"]
[WhiteElo "1992"]
[BlackElo "1878"]
[PlyCount "164"]
[EventDate "2006.??.??"]

1. Nc3 g6 2. d4 Bg7 3. e4 d6 4. Nf3 a6 5. Be3 b5 6. Bd3 Nd7 7. O-O c5 8. a4 b4
9. Ne2 Ngf6 10. c3 bxc3 11. bxc3 Bb7 12. Ng3 O-O 13. Qd2 Qa5 14. Rfc1 Rfc8 15.
Bh6 Rc7 16. Bxg7 Kxg7 17. Qg5 Kh8 18. e5 dxe5 19. Nxe5 Nxe5 20. dxe5 c4 21. Bf1
Ne4 22. Nxe4 Bxe4 23. Qe3 Bf5 24. Qd4 Qc5 25. Rd1 Rb8 26. Ra2 Rb3 27. Qd8+ Kg7
28. Rd5 Qc6 29. Rd4 Rxc3 30. Rb2 Rb3 31. Rxc4 Rxb2 32. Rxc6 Rxc6 33. Qd4 Rb1
34. g4 Be6 35. Kg2 Rcc1 36. Bd3 Rg1+ 37. Kf3 Rxg4 38. Qc5 Rb3 39. Ke2 Rxa4 40.
Qxe7 a5 41. Qf6+ Kh6 42. h4 Rd4 43. Bc2 Rc3 44. Qg5+ Kg7 45. Qf6+ Kg8 46. h5
Bg4+ 47. Kf1 Bxh5 48. e6 Rf3 49. Qxd4 fxe6 50. Bd1 Rf5 51. Qd8+ Kg7 52. Qe7+
Rf7 53. Qd6 Bxd1 54. Qxd1 Rf5 55. Qd7+ Kh6 56. Qd2+ Kh5 57. Qd7 e5 58. Qxh7+
Kg5 59. Qe7+ Kf4 60. Qh4+ Kf3 61. Qg3+ Ke4 62. Qxg6 a4 63. Qc6+ Kf4 64. Qxa4+
Kg5 65. Qe8 Kf6 66. Ke2 Rf4 67. Qc6+ Kf5 68. Qd7+ Kf6 69. f3 Rd4 70. Qc6+ Kf5
71. Qc8+ Kf6 72. Qf8+ Ke6 73. Qe8+ Kf6 74. Qf8+ Ke6 75. Qe8+ Kf6 76. Ke3 Rf4
77. Qh8+ Ke6 78. Qe8+ Kf6 79. Qf8+ Ke6 80. Qxf4 exf4+ 81. Kxf4 Kf6 82. Ke4 Ke6
1/2-1/2

[Event "K41 Efterars EMT Mesterklassen 2006"]
[Site "Valby"]
[Date "2006.10.24"]
[Round "6"]
[White "Nielsen, Michael"]
[Black "Madsen, Poul Henrik"]
[Result "0-1"]
[WhiteElo "2046"]
[BlackElo "2043"]
[PlyCount "82"]
[EventDate "2006.??.??"]

1. d4 d5 2. Nf3 Nf6 3. Bf4 c6 4. c3 Bf5 5. Qb3 Qb6 6. Nbd2 Nbd7 7. e3 h6 8. h3
Ne4 9. Nxe4 Bxe4 10. Nd2 g5 11. Bh2 Bg6 12. Be2 Bg7 13. O-O f5 14. Qa3 Bf6 15.
c4 O-O 16. Rac1 e6 17. Bd6 Rf7 18. Nf3 Qd8 19. Qb3 g4 20. hxg4 fxg4 21. Nd2 h5
22. Bd3 Bxd3 23. Qxd3 Rg7 24. e4 Bg5 25. f4 gxf3 26. Nxf3 Bxc1 27. Rxc1 Nf6 28.
e5 Ne4 29. Qe3 Qe8 30. Kh1 Qg6 31. Nh4 Qg5 32. Qxg5 Rxg5 33. Nf3 Rg6 34. Bb4
Kh7 35. Rc2 Rag8 36. Be1 b6 37. Kh2 c5 38. dxc5 Nxc5 39. Bf2 Rxg2+ 40. Kh3 dxc4
41. Kh4 Ne4 0-1

[Event "K41 Efterars EMT Mesterklassen 2006"]
[Site "Valby"]
[Date "2006.10.24"]
[Round "6"]
[White "Roder, Peter Ulrik"]
[Black "Eriksson, Christian Altenburg"]
[Result "1-0"]
[WhiteElo "2024"]
[BlackElo "2039"]
[PlyCount "51"]
[EventDate "2006.??.??"]

1. d4 Nf6 2. c4 c5 3. d5 b5 4. cxb5 a6 5. Nc3 axb5 6. e4 b4 7. Nb5 d6 8. Bf4 g5
9. Bxg5 Nxe4 10. Bf4 Nf6 11. Bc4 Bg7 12. Nf3 O-O 13. O-O Nbd7 14. a4 bxa3 15.
Rxa3 Rxa3 16. Nxa3 Nb6 17. Qd2 Bb7 18. Bh6 Bxh6 19. Qxh6 Nxc4 20. Nxc4 Bxd5 21.
Ne3 Be6 22. Ng5 Qc8 23. f4 c4 24. Rf3 Bg4 25. Rg3 Qc5 26. Ne4 1-0

[Event "K41 Efterars EMT Mesterklassen 2006"]
[Site "Valby"]
[Date "2006.10.31"]
[Round "7"]
[White "Eriksson, Christian Altenburg"]
[Black "Gjedde, Thomas"]
[Result "0-1"]
[WhiteElo "2039"]
[BlackElo "1894"]
[PlyCount "118"]
[EventDate "2006.??.??"]

1. e4 e5 2. Nf3 Nc6 3. d4 exd4 4. Nxd4 Nf6 5. Nxc6 bxc6 6. e5 Nd5 7. c4 Nb6 8.
b3 g6 9. h4 Bg7 10. Bb2 Qe7 11. f4 d6 12. Nd2 h5 13. Nf3 Bg4 14. Be2 Rd8 15.
Qc1 O-O 16. Qe3 Rfe8 17. O-O-O dxe5 18. fxe5 Rxd1+ 19. Rxd1 f6 20. Bd3 Kh7 21.
Qe4 Bf5 22. Qxc6 Bxd3 23. Rxd3 fxe5 24. Ng5+ Kh6 25. Qe4 Bf6 26. Kc2 Nd7 27.
Rg3 Nc5 28. Qe3 Nb7 29. Bc1 Kg7 30. Ne4 Rh8 31. Bb2 Bxh4 32. Rf3 Nd6 33. g3
Nxe4 34. Qxe4 Bf6 35. Rxf6 Kxf6 36. Bxe5+ Qxe5 37. Qc6+ Kg5 38. Qd7 Re8 39. b4
Qe4+ 40. Kb3 Qe3+ 41. Ka4 Qe6 42. Qd2+ Kf6 43. Qf4+ Kg7 44. Qxc7+ Re7 45. Qf4
Qc6+ 46. Kb3 Qe6 47. Qd4+ Kh7 48. Ka4 Qa6+ 49. Kb3 Qe6 50. Ka4 a6 51. a3 Qc6+
52. Kb3 Rd7 53. Qe3 Qd6 54. Kc3 Re7 55. Qf3 Qe5+ 56. Kd2 Qe1+ 57. Kd3 Rd7+ 58.
Kc2 Qd2+ 59. Kb1 Qd3+ 0-1

[Event "K41 Efterars EMT Mesterklassen 2006"]
[Site "Valby"]
[Date "2006.10.31"]
[Round "7"]
[White "Laursen, Niels Norskov"]
[Black "Nielsen, Michael"]
[Result "1-0"]
[WhiteElo "2093"]
[BlackElo "2046"]
[PlyCount "35"]
[EventDate "2006.??.??"]

1. e4 e6 2. d4 d5 3. Nc3 dxe4 4. Nxe4 Nd7 5. Nf3 Ngf6 6. Nxf6+ Nxf6 7. Bg5 Be7
8. Bd3 c5 9. dxc5 Qa5+ 10. c3 Qxc5 11. Qe2 O-O 12. O-O-O b5 13. Bxf6 Bxf6 14.
Qe4 g6 15. Qxa8 b4 16. c4 b3 17. a3 Rd8 18. Be2 1-0

[Event "K41 Efterars EMT Mesterklassen 2006"]
[Site "Valby"]
[Date "2006.10.31"]
[Round "7"]
[White "Madsen, Poul Henrik"]
[Black "Kragh, Niels Kristian"]
[Result "1/2-1/2"]
[WhiteElo "2043"]
[BlackElo "2036"]
[PlyCount "112"]
[EventDate "2006.??.??"]

1. d4 e6 2. Nf3 f5 3. g3 Nf6 4. Bg2 Be7 5. c4 O-O 6. O-O d6 7. Nc3 Ne4 8. Qc2
Nxc3 9. Qxc3 Bf6 10. Rd1 Qe7 11. b4 Nd7 12. c5 dxc5 13. bxc5 Nxc5 14. Ba3 Ne4
15. Qb3 Nd6 16. Ne5 Bd7 17. Rac1 Qd8 18. Nc4 Be7 19. Nxd6 cxd6 20. Qxb7 d5 21.
Bxe7 Qxe7 22. Rc7 Rfb8 23. Qc6 Bxc6 24. Rxe7 Re8 25. Rxe8+ Rxe8 26. Rc1 Bb5 27.
e3 Bc4 28. Bf1 Bxf1 29. Kxf1 Re7 30. Rc6 Kf7 31. Ke2 Rb7 32. Ra6 Rb2+ 33. Kf3
Rb7 34. h4 Rc7 35. Kf4 Kf6 36. f3 h6 37. h5 Rc4 38. g4 fxg4 39. Kxg4 Rc3 40. e4
Rc4 41. e5+ Kf7 42. Rxa7+ Kf8 43. a4 Rxd4+ 44. Kg3 Rd2 45. a5 d4 46. Kf4 d3 47.
a6 Ra2 48. Rd7 Rxa6 49. Rxd3 Ra4+ 50. Kg3 Ra5 51. f4 Ra1 52. Rf3 Rh1 53. Kg4
Rg1+ 54. Kh3 Rh1+ 55. Kg4 Rg1+ 56. Kh3 Rh1+ 1/2-1/2

[Event "K41 Efterars EMT Mesterklassen 2006"]
[Site "Valby"]
[Date "2006.10.31"]
[Round "7"]
[White "Nielsen, John Holm"]
[Black "Jakobsen, Peter"]
[Result "0-1"]
[WhiteElo "1992"]
[BlackElo "2206"]
[PlyCount "138"]
[EventDate "2006.??.??"]

1. Nc3 c5 2. Nf3 g6 3. g3 Bg7 4. Bg2 Nc6 5. O-O d6 6. e3 Nf6 7. d4 O-O 8. Qe2
Bg4 9. Rd1 Qc8 10. Qf1 cxd4 11. exd4 e5 12. Ne2 Qf5 13. dxe5 dxe5 14. Ne1 e4
15. c3 Qb5 16. f3 exf3 17. Nxf3 Ne4 18. Nfd4 Nxd4 19. Nxd4 Qxf1+ 20. Rxf1 Nc5
21. h3 Bd7 22. Bf4 Rfe8 23. Rae1 Nd3 24. Rxe8+ Rxe8 25. b3 Nxf4 26. Rxf4 Re3
27. Rf3 Rxc3 28. Ne2 Rc2 29. Rd3 Bxh3 30. Bxh3 Rxe2 31. Rd8+ Bf8 32. Bf1 Re7
33. Bc4 Kg7 34. Kg2 Rc7 35. a4 Be7 36. Re8 b6 37. Kf3 Bc5 38. g4 h6 39. Rd8 Re7
40. Rd3 Kf6 41. Bb5 a5 42. Bc4 Kg7 43. Bb5 Re5 44. Bc4 Be7 45. Kg3 h5 46. Kf4
Rg5 47. gxh5 Rxh5 48. Rd7 Rf5+ 49. Kg4 Bc5 50. Bd3 Re5 51. Kf4 Re7 52. Rxe7
Bxe7 53. Bc4 Bd6+ 54. Kg5 f6+ 55. Kg4 f5+ 56. Kg5 Be7+ 57. Kf4 Kf6 58. Bg8 g5+
59. Kf3 Ke5 60. Bc4 Bd6 61. Bd3 g4+ 62. Kg2 f4 63. Bc4 Ke4 64. Bb5 f3+ 65. Kf1
g3 66. Bc6+ Ke3 67. Kg1 Ke2 68. Bb5+ Ke1 69. Kh1 g2+ 0-1

[Event "K41 Efterars EMT Mesterklassen 2006"]
[Site "Valby"]
[Date "2006.10.31"]
[Round "7"]
[White "Ottosen, Peder"]
[Black "Andersen, Daniel"]
[Result "1-0"]
[WhiteElo "1965"]
[BlackElo "1878"]
[PlyCount "63"]
[EventDate "2006.??.??"]

1. d4 Nf6 2. c4 g6 3. Nc3 d5 4. cxd5 Nxd5 5. e4 Nxc3 6. bxc3 Bg7 7. Be3 O-O 8.
Bc4 c5 9. Ne2 Nc6 10. O-O Bg4 11. f3 cxd4 12. cxd4 Na5 13. Bd3 Be6 14. d5 Bxa1
15. Qxa1 f6 16. Bh6 Re8 17. Nf4 Bf7 18. Kh1 Qd6 19. Qc3 b6 20. Ba6 Qc5 21. Qa1
b5 22. Nd3 Qb6 23. Nb4 Nc4 24. Rc1 Qa5 25. Qc3 Rab8 26. Bf4 Nd6 27. e5 fxe5 28.
Bxe5 Red8 29. Qe1 Rb6 30. Bc3 Rxa6 31. Qe5 Ne8 32. Qh8# 1-0

[Event "K41 Efterars EMT Mesterklassen 2006"]
[Site "Valby"]
[Date "2006.10.31"]
[Round "7"]
[White "Roder, Peter Ulrik"]
[Black "Jorgensen, Kasper Moller"]
[Result "1-0"]
[WhiteElo "2024"]
[BlackElo "1863"]
[PlyCount "33"]
[EventDate "2006.??.??"]

1. d4 d5 2. c4 dxc4 3. e4 c5 4. d5 Nf6 5. Nc3 e6 6. Bxc4 exd5 7. Nxd5 Nxd5 8.
Bxd5 Be7 9. Qb3 O-O 10. Nf3 Nd7 11. e5 Nb6 12. Be4 Be6 13. Qc2 Bc4 14. Bxh7+
Kh8 15. Qf5 Nd5 16. Bd2 Qb6 17. Qh5 1-0